00820pam a2200265 a 4500001000800000003000400008005001700012007000400029008004100033010001700074020003200091040001900123050002000142082001900162245012100181260007400302300002500376504003900401650002100440650001800461650001600479650001800495700002200513700001900535240660200020170824160059.0000861006s1987 enk b 001 0 eng  a 86026841  a0631151826 (U.S.) :c$45.00 aUOELcDLCdDLC00aHT321b.C3 198700a330.9173/221904aThe Capitalist city :bglobal restructuring and community politics /cedited by Michael Peter Smith & Joe R. Feagin. aOxford [Oxfordshire], UK ;aNew York, NY, USA :bB. Blackwell,c1987. avi, 393 p. ;c24 cm. aIncludes bibliographies and index. 0aUrban economics. 0aUrbanization. 0aCapitalism. 0aUrban policy.1 aSmith, Michael P.1 aFeagin, Joe R.